| 000 | 00518nam a2200205Ia 4500 | ||
|---|---|---|---|
| 008 | 210210b2008 xxu||||| |||| 00| 0 eng d | ||
| 020 | _a8173716390 | ||
| 041 | _aeng | ||
| 082 | _a615.4 HIRT | ||
| 100 | _aHIREMATH (Shobha Rani) | ||
| 245 | _aTextbook of industrial pharmacy | ||
| 260 |
_aHyderabad _bUniversities Press (India) Private Limited _c2008 |
||
| 300 | _axii,448 | ||
| 650 | _aTextbook | ||
| 650 | _apharmacy | ||
| 650 | _aof | ||
| 650 | _aindustrial | ||
| 690 | _aPharmacology | ||
| 906 | _a065052 | ||
| 999 |
_c141658 _d141658 |
||